| 000 -LEADER |
| fixed length control field |
00466nam a22001577a 4500 |
| 008 - FIXED-LENGTH DATA ELEMENTS--GENERAL INFORMATION |
| fixed length control field |
150721b xxu||||| |||| 00| 0 eng d |
| 020 ## - INTERNATIONAL STANDARD BOOK NUMBER |
| International Standard Book Number |
3950149759 |
| 041 0# - LANGUAGE CODE |
| Language code of text/sound track or separate title |
eng |
| 041 0# - LANGUAGE CODE |
| Language code of text/sound track or separate title |
alb |
| 080 ## - UNIVERSAL DECIMAL CLASSIFICATION NUMBER |
| Universal Decimal Classification number |
72 |
| 245 ## - TITLE STATEMENT |
| Title |
archdiploma 2005 / |
| Statement of responsibility, etc |
University of Technology Vienna. |
| 260 ## - |
| -- |
Vienna : |
| -- |
Technische Universitat Wien, Fakultat fur Architektur und Raumplangung 2005; |
| -- |
2005. |
| 300 ## - |
| -- |
250 f.: |
| -- |
me il.; |
| -- |
26 cm. |
| 650 #0 - |
| -- |
Arkitekturë |
| 942 ## - ADDED ENTRY ELEMENTS (KOHA) |
| Source of classification or shelving scheme |
|
| Item type |
Books |